000 00830cam a2200277 a 4500
001 2885
003 FISKH
005 20240122110434.0
008 010123s2001 nyub 000 1 eng
010 _a 2001025047
020 _a0345397665
040 _aDLC
_cDLC
_dDLC
_beng
050 0 0 _aPS3552.R6596
_bV69 2001
082 0 0 _a813/.54
_221
100 1 _aBrooks, Terry.
245 1 0 _aAntrax /
_cTerry Brooks.
250 _aThis edition published in 2002
260 _aNew York :
_bDel Rey,
_c2001.
300 _a405 pages :
_c18 cm
490 1 _aThe voyage of the Jerle Shannara ;
_vBook 2
520 _aBrave explorers led by the last Druid, Walker Boh, traveled
650 0 _aDruids and Druidism
_vFiction.
655 7 _aFantasy fiction.
_2gsafd
906 _a7
_bcbc
_corignew
_d1
_eocip
_f20
_gy-gencatlg
942 _2ddc
_cBK
_n0
999 _c2885
_d2885